Rodgers and Hammerstein : (Record no. 9220)
[ view plain ]
| 000 -LEADER | |
|---|---|
| fixed length control field | 00503nam a22001817a 4500 |
| 003 - CONTROL NUMBER IDENTIFIER | |
| control field | SISC |
| 005 - DATE AND TIME OF LATEST TRANSACTION | |
| control field | 20160321143133.0 |
| 008 - FIXED-LENGTH DATA ELEMENTS--GENERAL INFORMATION | |
| fixed length control field | 130823t xxu||||| |||| 00| 0 eng d |
| 020 ## - INTERNATIONAL STANDARD BOOK NUMBER | |
| International Standard Book Number | 9780789302311 |
| 050 ## - LIBRARY OF CONGRESS CALL NUMBER | |
| Classification number | M 1507 |
| Item number | .W368 1998 |
| 082 ## - DEWEY DECIMAL CLASSIFICATION NUMBER | |
| Classification number | HS 781.17 |
| Item number | W38 1998 |
| 100 ## - MAIN ENTRY--PERSONAL NAME | |
| Personal name | Webbber, Andrew Lloyd |
| 9 (RLIN) | 12859 |
| 245 ## - TITLE STATEMENT | |
| Title | Rodgers and Hammerstein : |
| Remainder of title | Illustrated songbook / |
| Statement of responsibility, etc | Andre Lloyd Webber. |
| 300 ## - PHYSICAL DESCRIPTION | |
| Extent | 192 p. ; |
| Dimensions | 31 cm. |
| 650 ## - SUBJECT ADDED ENTRY--TOPICAL TERM | |
| Topical term or geographic name as entry element | Music |
| General subdivision | Songbook |
| 9 (RLIN) | 12860 |
| 942 ## - ADDED ENTRY ELEMENTS (KOHA) | |
| Source of classification or shelving scheme | Library of Congress Classification |
| Koha item type | Books |
| Withdrawn status | Lost status | Source of classification or shelving scheme | Damaged status | Home library | Current library | Shelving location | Date acquired | Total Checkouts | Full call number | Barcode | Date last seen | Copy number | Price effective from | Koha item type |
|---|---|---|---|---|---|---|---|---|---|---|---|---|---|---|
| Library of Congress Classification | Luxembourg Library | Luxembourg Library | High School Section | 08/23/2013 | M 1507 .W368 1998 | 8469 | 03/21/2016 | 1 | 08/23/2013 | Books |